Manual de historia de la República Oriental del Uruguay
Guardat en:
| Autor principal: | |
|---|---|
| Format: | Llibre |
| Idioma: | espanyol |
| Publicat: |
Montevideo
A. Barreiro y Ramos
1897
|
| Matèries: | |
| Etiquetes: |
Afegir etiqueta
Sense etiquetes, Sigues el primer a etiquetar aquest registre!
|
MARC
| LEADER | 00000nam a2200000 a 4500 | ||
|---|---|---|---|
| 001 | UCO3828 | ||
| 003 | CL-VaPUC | ||
| 008 | 000720e18970000UY |||||||||||||||||spa|d | ||
| 082 | 0 | 4 | |a 989.5 |b BOL |2 21 |
| 100 | 0 | |a Bollo, Santiago |e author |9 447797 | |
| 245 | 1 | 0 | |a Manual de historia de la República Oriental del Uruguay |
| 300 | |a 707 p | ||
| 942 | |c BK | ||
| 945 | |d 20000720 00:00:00 |a crobeson | ||
| 260 | |a Montevideo |b A. Barreiro y Ramos |c 1897 | ||
| 650 | 7 | |a HISTORIA DE URUGUAY 1492-1830 |2 CL-VaPUC |9 447798 | |
| 650 | 7 | |a DESCUBRIMIENTO |2 CL-VaPUC |9 321428 | |
| 650 | 0 | |a Conquista |9 339504 | |
| 650 | 7 | |a COLONIA |2 CL-VaPUC |9 447799 | |
| 650 | 0 | |a Independencia |9 344246 | |
| 651 | 0 | |a Uruguay |9 255194 | |
| 583 | |a last modification |c 20000720 00:00:00 |k Rodrigo Vera | ||
| 999 | |c 289959 |d 289957 | ||
| 952 | |0 0 |1 0 |4 0 |6 989_500000000000000_BOL_1897 |7 0 |8 X |9 338950 |a BIBHIS |b BIBHIS |d 2019-11-20 |i 1201743 |o 989.5 BOL 1897 |p 1201743 |r 2024-01-30 |w 2019-11-20 |y BK_X |k HIS | ||